Soil and water chemistry: an integrative approach
Uloženo v:
| Hlavní autor: | |
|---|---|
| Médium: | Kniha |
| Jazyk: | angličtina |
| Vydáno: |
Boca Ratón
CRC
2004
|
| Témata: | |
| Tagy: |
Přidat tag
Žádné tagy, Buďte první, kdo vytvoří štítek k tomuto záznamu!
|
MARC
| LEADER | 00000nam a2200000 a 4500 | ||
|---|---|---|---|
| 001 | UCL9691 | ||
| 003 | CL-VaPUC | ||
| 008 | 040820e20040000US |||||||||||||||||eng|d | ||
| 020 | |a 0849312582 | ||
| 082 | 0 | 4 | |a 631.41 |b ESS |2 21 |
| 100 | 0 | |a Essington, Michael E |e author |9 487611 | |
| 245 | 1 | 0 | |a Soil and water chemistry: an integrative approach |
| 300 | |a 534 p | ||
| 942 | |c BK | ||
| 945 | |d 20040820 00:00:00 |a cmena | ||
| 260 | |a Boca Ratón |b CRC |c 2004 | ||
| 650 | 0 | |a Química del suelo |9 360372 | |
| 650 | 0 | |a Química del agua |9 261152 | |
| 583 | |a last modification |c 20040820 00:00:00 |k Rodrigo Vera | ||
| 999 | |c 310406 |d 310404 | ||
| 952 | |0 0 |1 0 |4 0 |6 631_410000000000000_ESS_2004 |7 0 |8 A |9 378790 |a BIBCUR |b BIBCUR |d 2019-11-21 |i 4136446 |o 631.41 ESS 2004 |p 4136446 |r 2025-04-22 |w 2019-11-21 |y BK |k QUI | ||